| 000 | 00615nam a2200217 u 4500 | ||
|---|---|---|---|
| 005 | 20240806064036.0 | ||
| 008 | 100615s2002 mx r 000 0 spa d | ||
| 020 | _a9706662413 | ||
| 035 | _aUPN01000176539 | ||
| 049 | _aCG | ||
| 050 | 4 |
_aPS3201 _bC3.6 2002 |
|
| 100 | 1 |
_aWhitman, Walt, _d1819-1892 _932621 |
|
| 245 | 1 | 0 |
_aCanto a mí mismo / _cWalt Whitman ; Luis Rutiaga. |
| 250 | _a2a ed. | ||
| 260 |
_aMéxico : _bTomo, _cc2002. |
||
| 300 | _a125 p. | ||
| 534 |
_pTraducción de: _tLeaves of grass |
||
| 650 | 4 |
_aLiteratura estadounidense _95229 |
|
| 650 | 4 |
_aPOESIA ESTADOUNIDENSE _91308 |
|
| 905 | _aLibro | ||
| 999 |
_c148642 _d148642 |
||